000 00657nam a2200229Ia 4500
003 OSt
005 20221006164710.0
006 a|||||r|||| 00| 0
007 ta
008 221006b |||||||| |||| 00| 0 hin d
024 _a3,777
037 _cTextual
040 _aFML
_cFML
_bhin
041 _2hin
_ahin
082 _aO15 : g(R5), L8
100 _aKathuriya Sunder Lal Au.
_9676395
245 0 _aRas Sankhya
_b Kaavya Shastriya Vivechan
260 _aNew Delhi
_bPandulipi Prakashan Krishna Nagar
_c1978
300 _a320
_ccm.
942 _hO15 : g(R5), L8
_cTEXL
_2CC
999 _c1118147
_d1118147